Algirdas Julius Greimas

Titel: Algirdas Julius Greimas : mokslinės kūrybos bibliografinė rodyklė, citavimo indeksas, citavimo analizė / Jurgita Šinkūnaitė ; Ona Voverienė
Verfasser:
Beteiligt:
Veröffentlicht: Vilnius : Vilniaus Universiteto Leidykla, 1994
Umfang: 104 S.
Format: Buch
Sprache: Litauisch
ISBN: 9986190339
Buchumschlag
X
Lokale Klassifikation: 2 G 1085 ; 45 10 A
alg: 3306758
001A    $03004:23-01-95 
001B    $01999:28-04-23 $t21:47:12.000 
001C    $06002:03-03-06 $t20:36:52.000 
001D    $09999:99-99-99 
001U    $0utf8 
001X    $00 
002@    $0Aayc 
003@    $0033067589 
003O    $0180632376 $aOCoLC 
004A    $09986-19-033-9 
007A    $0033067589 $aHEB 
007T    $0Herde12372 
010@    $alit 
011@    $a1994 $n1994 
013H    $0z 
015@    $0Z 
021A    $a@Algirdas Julius Greimas $dmokslinės kūrybos bibliografinė rodyklė, citavimo indeksas, citavimo analizė $hJurgita Šinkūnaitė ; Ona Voverienė 
027A/01 $aAlgirdas Julius Greimas. ... Personalbibliographie 
028A    $7 $8Šinkūnaitė, Jurgita [Tnx] $9164550437 
028B/01 $71176683780 $8Voverienė, Ona$Z1938- [Tp3] $9441997805 
033A    $pVilnius $nVilniaus Universiteto Leidykla 
034D    $a104 S. 
045F    $a400 $eDDC23BSB 
045F/01 $a400 
045F/03 $g4793 
046C    $aAlgirdas Julius Greimas. ... Personalbibliographie $bÜbers. des Hauptsacht. 

lok: 3306758 24
101B    $007-01-09 $t09:14:39.000 
101U    $0utf8 
145Z/01 $a2 G 1085 
145Z/02 $a45 10 A 

exp: 3306758 24 1 #EPN
201B/01 $022-05-12 $t16:51:52.000 
201U/01 $0utf8 
203@/01 $0086576593 
208@/01 $a23-01-95 $bh 
209A/01 $a94.4767 $du $f050 $h94 4767  $x00 
209C/01 $aT 94.4767 $h94 4767 T 
209G/01 $a72328230 $x00 
244Z/01 $#Greimas, Algirdas-Julien $#Greimas, A. J. $#Greimas, A.-J. $#Greimas, Algirdas J. $#Greimas, Algirdas Julius $#Grejmas, Alʹgirdas J. $#Grejmas, Alʹgirdas-Juljus $#Grejmas, Alʹgirdas-Žjulʹen $#Geleimasi, A. J. $#Ge lei ma si, A. J. $#Greimas, Algirdas $#Greimas, Algirdas-Julius $7118787470 $8--Tp1--Greimas, Algirdas Julien$Z1917-1992 $x01 $908712808X 
247C/01 $8358050-7 Marburg, Bibliothek des Herder-Instituts Marburg $9102600961 

lok: 3306758 78

exp: 3306758 78 1 #EPN
201B/01 $019-04-17 $t15:13:56.000 
201U/01 $0utf8 
203@/01 $0792035143 
208@/01 $a12-11-16 $be 
209A/01 $a/ $f000 $x00 
220C/01 $aTitelaufnehmer: pk 
220C/01 $aHerkunft: LII Vilnius / Irena Tumelytė;Baltische Bibliographie / P. Kaegbein 
237A/01 $a210 Titel. - weiterführende Signatur(en): Herder-Institut: 94.4767 
244Z/01 $2Trx $#Litauen $#Lithuania $#Litwa $#Litva $#Litva $8--Trx--Lietuva $x01 $9391193457 
244Z/01 $2Trx $#Greimas, Algirdas Julius $8--Trx--Greimas, Algirdas Julien$Z1917-1992 $x02 $9390775967 
244Z/01 $2Trx $#bibliograafiad isikud $#bibliografijos personalinės $#Bibliographies persons $#szakirodalmak személyek $#bibliografie osobowe $#bibliografie personálne $#bibliografie personální $#Personalbibliographie $8--Trx--Bibliographien$gPersonen $x03 $9391368532 
244Z/01 $2Trx $8--Trx--Monographie $x04 $9391384546 
245Z/01 $a01.01 $x01 
247C/01 $82080>Marburg/Lahn, Herder-Institut, Forschungsbibliothek, Bibliographieportal $9336309341
LEADER 00000cam a22000002c 4500
001 033067589
003 DE-603
005 20230428214712.0
007 tu
008 950123s1994 xx |||| | u00||u|lit c
020 |a 9986190339 
035 |a (DE-599)HEB033067589 
035 |a (OCoLC)180632376 
040 |a DE-603  |b ger  |c DE-603  |d DE-603 
041 |a lit 
082 0 4 |8 1\u  |a 400  |q DE-101  |2 23/BSB 
085 |8 1\u  |b 400 
085 |8 1\u  |z 2  |s 4793 
100 1 |a Šinkūnaitė, Jurgita  |0 (DE-603)164550437 
245 0 0 |a Algirdas Julius Greimas  |b mokslinės kūrybos bibliografinė rodyklė, citavimo indeksas, citavimo analizė  |c Jurgita Šinkūnaitė ; Ona Voverienė 
246 1 |i Übers. des Hauptsacht.  |a Algirdas Julius Greimas. ... Personalbibliographie 
246 1 3 |a Algirdas Julius Greimas. ... Personalbibliographie 
264 1 |a Vilnius  |b Vilniaus Universiteto Leidykla  |c 1994 
300 |a 104 S. 
700 1 |a Voverienė, Ona  |d 1938-  |0 (DE-603)441997805  |0 (DE-588)1176683780  |2 gnd 
924 0 |9 Mb 50  |a (DE-603)086576593  |b DE-Mb50  |c HES  |d c  |g 94.4767 
924 0 |9 2080  |a (DE-603)792035143  |b DE-2080  |c HES  |d d  |g /